Подробности
| 000 -МАРКЕР |
| контрольное поле |
03040nam0a2200373 4500 |
| 001 - ИДЕНТИФИКАТОР ЗАПИСИ |
| контрольное поле |
RU\NLR\BIBL_A\016277857 |
| 005 - ИДЕНТИФИКАТОР ВЕРСИИ |
| контрольное поле |
20230616173923.0 |
| 010 ## - МЕЖДУНАРОДНЫЙ СТАНДАРТНЫЙ НОМЕР КНИГИ (ISBN) |
| Номер (ISBN) |
978-5-93162-690-1 |
| Тираж |
100 |
| 021 ## - НОМЕР ГОСУДАРСТВЕННОЙ РЕГИСТРАЦИИ |
| Код страны |
Российская Федерация |
| Номер |
КН-П-22-093833 |
| Номер Листа государственной регистраци |
КН-П-22-8388 |
| 035 ## - ДРУГИЕ СИСТЕМНЫЕ НОМЕРА |
| Идентификатор записи |
(NLR Aleph) 016277857 |
| 035 ## - ДРУГИЕ СИСТЕМНЫЕ НОМЕРА |
| Идентификатор записи |
(RuMoRGB)011500562 |
| 100 ## - ДАННЫЕ ОБЩЕЙ ОБРАБОТКИ |
| Данные общей обработки |
20230206d2022 u y0rusy50 ca |
| 101 0# - ЯЗЫК РЕСУРСА |
| Язык текста, звукозаписи и т.д. |
русский |
| 102 ## - СТРАНА ПУБЛИКАЦИИ ИЛИ ПРОИЗВОДСТВА |
| Страна публикации |
Российская Федерация |
| 105 ## - ПОЛЕ КОДИРОВАННЫХ ДАННЫХ: ТЕКСТОВЫЕ МАТЕРИАЛЫ, МОНОГРАФИЧЕСКИЕ |
| Кодированные данные о монографическом текстовом документе |
y j 000zy |
| 181 #0 - ПОЛЕ КОДИРОВАННЫХ ДАННЫХ: ВИД СОДЕРЖАНИЯ |
| Код вида содержания (ISBD) |
i4 |
| Код характеристики содержания (ISBD) |
axxe |
| 182 #1 - ПОЛЕ КОДИРОВАННЫХ ДАННЫХ: ТИП СРЕДСТВА |
| Код типа средства (ISBD) |
n - непосредственное |
| 200 1# - ЗАГЛАВИЕ И СВЕДЕНИЯ ОБ ОТВЕТСТВЕННОСТИ |
| Основное заглавие |
Проектирование как средство патриотического воспитания студентов |
| Сведения, относящиеся к заглавию |
учебно-методическое пособие |
| -- |
для студентов, преподавателей всех направлений, связанных с разработкой и реализацией проектов |
| Первые сведения об ответственности |
Г. Я. Гревцов, Е. А. Квитко, М. Е. Медведева |
| 203 ## - ВИД СОДЕРЖАНИЯ И ТИП СРЕДСТВА |
| Вид содержания |
Текст |
| Дополнительные сведения об издании |
визуальный |
| Тип средства |
непосредственный |
| 210 ## - ПУБЛИКАЦИЯ, РАСПРОСТРАНЕНИЕ И ДР. |
| Место издания, распространения и т.д. |
Челябинск |
| Имя издателя, распространителя и т. д. |
Библиотека А. Миллера |
| Дата издания, распространения и т.д. |
2022 |
| 215 ## - ФИЗИЧЕСКАЯ ХАРАКТЕРИСТИКА |
| Специфическое обозначение материала и объем |
78 с. |
| Размеры |
21 |
| 320 ## - ПРИМЕЧАНИЯ О НАЛИЧИИ В ДОКУМЕНТЕ БИБЛИОГРАФИИ / УКАЗАТЕЛЯ |
| Текст примечания |
Библиогр.: с. 70-78 (93 назв.) и в конце тем |
| 330 ## - РЕЗЮМЕ ИЛИ РЕФЕРАТ |
| Текст примечания |
Данное пособие содержит материалы, обеспечивающие реализацию программы "Организационно-педагогические условия применения проектной технологии в патриотическом воспитании студентов ПОО". Учебное издание обеспечивает формирование необходимых унизерсальных компетенций, единых для всех направлений (специальностей) в области разработки и реализации проектов различного типа, командной работы и коммуникаций, системного мышления, самоорганизации и саморазвития. Предназначено для студентов, преподавателей всех направлений, связанных с разработкой и реализацией проектов |
| 606 1# - НАИМЕНОВАНИЕ ТЕМЫ КАК ПРЕДМЕТ |
| Наименование темы |
Учреждения среднего профессионального образования |
| Формальный подзаголовок |
Учебно-методические пособия |
| Тематический подзаголовок |
Учащиеся |
| -- |
Проектная деятельность |
| Системный номер авторитетной/нормативной записи |
2522961 |
| Идентификатор авторитетной/нормативной записи |
RU\NLR\AUTH\6601709219 |
| 675 ## - УНИВЕРСАЛЬНАЯ ДЕСЯТИЧНАЯ КЛАССИФИКАЦИЯ (UDC/УДК) |
| Индекс |
378.035.6(075.8) |
| Издание |
4 |
| 686 1# - ИНДЕКСЫ ДРУГИХ КЛАССИФИКАЦИЙ |
| Индекс |
Ч471.266я7 |
| 700 #1 - ИМЯ ЛИЦА - ПЕРВИЧНАЯ ОТВЕТСТВЕННОСТЬ |
| Начальный элемент ввода |
Гревцова |
| Часть имени, кроме начального элемента ввода |
Г. Я. |
| Расширение инициалов личного имени |
Гульсина Якуповна |
| 701 #1 - ИМЯ ЛИЦА - АЛЬТЕРНАТИВНАЯ ОТВЕТСТВЕННОСТЬ |
| Начальный элемент ввода |
Квитко |
| Часть имени, кроме начального элемента ввода |
Е. А. |
| Расширение инициалов личного имени |
Елена Александровна |
| 701 #1 - ИМЯ ЛИЦА - АЛЬТЕРНАТИВНАЯ ОТВЕТСТВЕННОСТЬ |
| Начальный элемент ввода |
Медведева |
| Часть имени, кроме начального элемента ввода |
М. Е. |
| Дополнения к именам, кроме дат |
социальный педагог |
| Расширение инициалов личного имени |
Марина Евгеньевна |
| Системный номер авторитетной/нормативной записи |
254234 |
| Идентификатор авторитетной/нормативной записи |
RU\NLR\AUTH\770254290 |
| 942 ## - ДОПОЛНИТЕЛЬНЫЕ ЭЛЕМЕНТЫ ЗАПИСИ (АБИС) |
| Тип экземпляра АБИС |
Книга |
| 980 ## - КОЛЛЕКЦИЯ |
| Название коллекции |
Национальная библиография |